000 00454nab a22001457 4500
003 ES-SlBCS
005 20210327224116.0
008 150708s2014 it ||||| |||| 00| 0 ita d
040 _aES-SlBCS
_bspa
041 _aita
100 1 _aNaso, Paolo
_9101821
245 1 2 _aL'ultimo anello? Il rapporto difficile tra Riforma e pentecostalismo
_cPAolo Naso
773 0 _gVol. 34, fasc. 6, 2014, págs. 53-62
_tCredere Oggi
_wRev140
_x1123-3281
942 _2lcc
_cAR
999 _c462549
_d462549